<?xml version="1.0" encoding="UTF-8"?>
<collection xmlns="http://www.loc.gov/MARC21/slim">
 <record>
  <leader>00504nam a22001575a 4500</leader>
  <controlfield tag="001">EHU.bham008785</controlfield>
  <controlfield tag="003">AR-BHAM</controlfield>
  <controlfield tag="005">20100107143619.0</controlfield>
  <controlfield tag="008">130507s1989##################000#0#####d</controlfield>
  <datafield tag="082" ind1="8" ind2="6">
   <subfield code="a">863.4</subfield>
  </datafield>
  <datafield tag="100" ind1="1" ind2=" ">
   <subfield code="a">Menchaca, Antonio</subfield>
  </datafield>
  <datafield tag="245" ind1="1" ind2="0">
   <subfield code="a">Las cenizas del esplendor :</subfield>
   <subfield code="b">memorias de la marquesa de avendaño /</subfield>
   <subfield code="c">Antonio Menchaca.</subfield>
  </datafield>
  <datafield tag="260" ind1=" " ind2=" ">
   <subfield code="a">Madrid :</subfield>
   <subfield code="b">Espasa Calpe,</subfield>
   <subfield code="c">1989</subfield>
  </datafield>
  <datafield tag="300" ind1=" " ind2=" ">
   <subfield code="a">346 p.</subfield>
  </datafield>
  <datafield tag="653" ind1=" " ind2=" ">
   <subfield code="a">Novela espaÑola-1701-1800</subfield>
  </datafield>
  <datafield tag="859" ind1=" " ind2=" ">
   <subfield code="a">AR-BHAM</subfield>
   <subfield code="b">BIB. HUMANIDADES - General</subfield>
   <subfield code="h">863.4</subfield>
   <subfield code="i">M522</subfield>
   <subfield code="p">92.94</subfield>
   <subfield code="t">Ej.1</subfield>
  </datafield>
 </record>
</collection>
